Medical education; a critical approach (Record no. 1513)
[ view plain ]
| 000 -LEADER | |
|---|---|
| fixed length control field | 00312nam a2200097Ia 4500 |
| 008 - FIXED-LENGTH DATA ELEMENTS--GENERAL INFORMATION | |
| fixed length control field | 180412s9999||||xx |||||||||||||| ||und|| |
| 040 ## - CATALOGING SOURCE | |
| Original cataloging agency | Ahmadu Bello University Library - Zaria |
| 100 ## - MAIN ENTRY--PERSONAL NAME | |
| Personal name | SIMPSON, Michael A |
| 245 #0 - TITLE STATEMENT | |
| Title | Medical education; a critical approach |
| Statement of responsibility, etc. | Michael A Simpson |
| 260 ## - PUBLICATION, DISTRIBUTION, ETC. | |
| Place of publication, distribution, etc. | London |
| Name of publisher, distributor, etc. | Butterworths |
| Date of publication, distribution, etc. | 1972 |
| 300 ## - PHYSICAL DESCRIPTION | |
| Extent | 198p. |
No items available.